Directory of germplasm collections: 1.II. food legumes (soyabean)

Salvato in:
Dettagli Bibliografici
Autore principale: G A Juvik
Natura: Libro
Lingua:Undetermined
Pubblicazione: Rome IBPGR 1985
Soggetti:
Tags: Aggiungi Tag
Nessun Tag, puoi essere il primo ad aggiungerne! !
Thư viện lưu trữ: Trung tâm Học liệu Trường Đại học Cần Thơ
LEADER 00507nam a2200181Ia 4500
001 CTU_38719
008 210402s9999 xx 000 0 und d
082 |a 633.34 
082 |b J97 
100 |a G A Juvik 
245 0 |a Directory of germplasm collections: 1.II. food legumes (soyabean) 
245 0 |c G A Juvik, H E Kauffman, R L Bernard 
260 |a Rome 
260 |b IBPGR 
260 |c 1985 
650 |a soybean 
904 |i Liên, 990821 
980 |a Trung tâm Học liệu Trường Đại học Cần Thơ